| 000 | 00651nam a2200217 a 4500 | ||
|---|---|---|---|
| 999 |
_c489 _d489 |
||
| 001 | 489 | ||
| 003 | BD-JhCC | ||
| 005 | 20200121134008.0 | ||
| 008 | 171005s1967 eng |||| ||a| 001 0 eng d | ||
| 035 | _a(BD-JhCC)489 | ||
| 040 |
_aBD-JhCC _dBD-JhCC |
||
| 041 | _aeng | ||
| 082 |
_a372.65044 _bSTN 1967 |
||
| 100 | _aStern, H. H. | ||
| 245 |
_aForeign Languages In Primary Education : _bthe teaching of foreign or second languages to younger children / _cH. H. Stern |
||
| 260 |
_aLondon : _bOxford University Press, _c1967 |
||
| 300 |
_a145 p. : _bill. ; _c21 cm. |
||
| 650 | _aLanguages, Modern Study & Teaching | ||
| 942 |
_2ddc _cBK _01 |
||